| 000 | 02130nam a22003257a 4500 | ||
|---|---|---|---|
| 005 | 20080905121451.0 | ||
| 008 | 110608t xxu||||| |||| 00| 0 hin d | ||
| 010 | _aHIN-92964 B-468064-066 | ||
| 020 |
_c300.00 _a8173153612 |
||
| 035 | _aHN-65310 B-468064-066 | ||
| 037 | _bDBAD / PUB | ||
| 037 | _bब्लूबेरी बुक्स | ||
| 040 |
_aDPL _bHN |
||
| 082 | _a425 | ||
| 100 |
_928442 _aभाटिया, कैलाशचंद्र |
||
| 245 |
_aहिंदी शब्द सामर्थ्य / _cकैलाशचंद्र भाटिया |
||
| 260 |
_aनई दिल्ली _bप्रभात प्रकाशन _c2010 |
||
| 270 |
_a4/19 आसफ अली रोड _bनई दिल्ली _e110002 |
||
| 300 |
_a303पृ _c22सेमी (सजिल्द) |
||
| 650 | _928443 | ||
| 650 | _928455 | ||
| 700 | _928521 | ||
| 700 | _928536 | ||
| 942 |
_adpl _cHN _2ddc _mभाटिया _h425 |
||
| 999 |
_c52987 _d52987 |
||